[Event "Team Russia"]
[Site "Petergof"]
[Date "2015.08.08"]
[Round "8.42"]
[White "Ufimtsev, Egor"]
[Black "Obodenko, Amir"]
[Result "1/2-1/2"]
[WhiteElo "1883"]
[BlackElo "1970"]
[PlyCount "99"]
[EventDate "2015.08.??"]
[EventType "team-swiss"]

1. Nf3 g6 2. c4 c6 3. g3 Bg7 4. Bg2 d5 5. cxd5 cxd5 6. d4 Nc6 7. O-O Nf6 8. Nc3
O-O 9. e3 Bg4 10. Qb3 Na5 11. Qb4 Bxf3 12. Bxf3 e6 13. Bd2 Nc4 14. Rfd1 Qd7 15.
Rab1 Rfc8 16. Be1 a6 17. Qb3 b5 18. a3 Rab8 19. Qa2 Rc7 20. Rbc1 Bh6 21. Bd2
Rbc8 22. Qa1 Qe7 23. Ne2 Nxd2 24. Rxd2 Rc4 25. Rdd1 Ne8 26. b3 R4c7 27. Rxc7
Rxc7 28. Rc1 Bf8 29. Rxc7 Qxc7 30. a4 Qc2 31. Qc3 Qd1+ 32. Kg2 b4 33. Qb2 Qd3
34. Nf4 Qc3 35. Qb1 Bh6 36. Ne2 Qd2 37. Qc1 Qxc1 38. Nxc1 Bf8 39. Be2 Nc7 40.
Nd3 Bd6 41. f3 f5 42. f4 Kf7 43. Kf2 Ke7 44. Ke1 Kd7 45. Kd2 Kc6 46. Kc2 Kb6
47. Ne1 Be7 48. Nd3 Bd6 49. Ne1 Be7 50. Nd3 1/2-1/2

[Event "Team Russia"]
[Site "Petergof"]
[Date "2015.08.08"]
[Round "8.43"]
[White "Shchukin, Maksim"]
[Black "Ustich, Ekaterina"]
[Result "1-0"]
[WhiteElo "1820"]
[BlackElo "2082"]
[PlyCount "57"]
[EventDate "2015.08.??"]
[EventType "team-swiss"]

1. e4 e5 2. Nf3 Nc6 3. Bc4 Nf6 4. d3 h6 5. O-O d6 6. c3 g6 7. Nbd2 Bg7 8. Re1
O-O 9. Nf1 a6 10. Bb3 Be6 11. Ne3 d5 12. exd5 Nxd5 13. Nc4 Bg4 14. h3 Bxf3 15.
Qxf3 Nde7 16. Nd2 Nf5 17. Ne4 Nh4 18. Qg4 Kh7 19. Bg5 hxg5 20. Nxg5+ Qxg5 21.
Qxg5 Nf5 22. Rad1 Rad8 23. Bc2 Rd5 24. h4 Rfd8 25. h5 Bh6 26. Qg4 b5 27. Bb3
R5d7 28. Bxf7 Nfe7 29. Bxg6+ 1-0

[Event "Team Russia"]
[Site "Petergof"]
[Date "2015.08.08"]
[Round "8.44"]
[White "Kvachko, Anastasiya"]
[Black "Kiseleva, Ekaterina"]
[Result "1-0"]
[WhiteElo "1703"]
[BlackElo "1826"]
[PlyCount "73"]
[EventDate "2015.08.??"]
[EventType "team-swiss"]

1. e4 e5 2. Nf3 d6 3. d4 exd4 4. Qxd4 a6 5. Bg5 Nc6 6. Qd2 Nf6 7. Nc3 Be7 8.
O-O-O O-O 9. h3 Be6 10. Kb1 Nd7 11. Be2 Nde5 12. Bxe7 Qxe7 13. Nd4 Nxd4 14.
Qxd4 Nc6 15. Qd2 f6 16. f4 Rfe8 17. g4 Bf7 18. Bf3 Rab8 19. h4 Nd8 20. g5 b5
21. f5 b4 22. Nd5 Bxd5 23. Qxd5+ Kh8 24. Rdg1 Qe5 25. gxf6 gxf6 26. Qd2 Nc6 27.
Bh5 Rf8 28. Rg2 Qxe4 29. Re1 Qxf5 30. Bg4 Qa5 31. b3 Ne5 32. Qh6 c5 33. Bd7 Rf7
34. Be6 Qc7 35. Bxf7 Qxf7 36. Reg1 Rb7 37. Qxf6+ 1-0

[Event "Team Russia"]
[Site "Petergof"]
[Date "2015.08.08"]
[Round "8.45"]
[White "Navrodskiy, Boris"]
[Black "Abramov, Nikita"]
[Result "1-0"]
[WhiteElo "2035"]
[BlackElo "2269"]
[PlyCount "63"]
[EventDate "2015.08.??"]
[EventType "team-swiss"]

1. d4 Nf6 2. c4 e6 3. Nf3 b6 4. g3 Ba6 5. b3 Bb4+ 6. Bd2 Be7 7. Bg2 Bb7 8. O-O
O-O 9. Nc3 d5 10. Ne5 Nbd7 11. Bf4 a6 12. Rc1 Rc8 13. Qd2 Bb4 14. Bg5 Be7 15.
Bf4 h6 16. Qb2 g5 17. Nxd7 Qxd7 18. Be3 Ne4 19. f4 f5 20. Nxe4 dxe4 21. fxg5
hxg5 22. Qd2 g4 23. h3 gxh3 24. Bxh3 c5 25. d5 exd5 26. Bh6 Rf7 27. Qf4 Qe6 28.
Bxf5 Qf6 29. Qg4+ Kh8 30. Bxc8 Qxh6 31. Rxf7 Qe3+ 32. Kg2 1-0

[Event "Team Russia"]
[Site "Petergof"]
[Date "2015.08.08"]
[Round "8.46"]
[White "Kuzmin, Egor"]
[Black "German, Nikita"]
[Result "1/2-1/2"]
[WhiteElo "2290"]
[BlackElo "1987"]
[PlyCount "141"]
[EventDate "2015.08.??"]
[EventType "team-swiss"]

1. c4 Nf6 2. Nf3 g6 3. Nc3 Bg7 4. g3 d6 5. Bg2 O-O 6. O-O c6 7. d3 Nbd7 8. Rb1
a5 9. a3 e5 10. b4 axb4 11. axb4 d5 12. cxd5 Nxd5 13. Nxd5 cxd5 14. Bg5 Qc7 15.
Qc1 Qd6 16. Bh6 Re8 17. Bxg7 Kxg7 18. Nd2 Nb6 19. Qc5 Qe6 20. Nb3 Bd7 21. Na5
Rac8 22. Qe3 Rc7 23. Rfc1 Rec8 24. Rxc7 Rxc7 25. Rc1 Rxc1+ 26. Qxc1 Bc6 27. Qc5
Nd7 28. Qc2 Nb8 29. Qb3 Qd6 30. Qc3 Qe6 31. b5 d4 32. Qc4 Bxg2 33. Kxg2 Qb6 34.
Nb3 Nd7 35. Qd5 Qc7 36. h3 Nf6 37. Qc4 Qd6 38. Na5 Qb6 39. Qa4 Nd5 40. Nc4 Qc5
41. Qa5 Nc3 42. b6 Qxa5 43. Nxa5 Nd5 44. Nxb7 Nxb6 45. Nd8 Nd5 46. Nc6 Kf6 47.
f4 exf4 48. Nxd4 fxg3 49. Kxg3 h5 50. h4 Ne3 51. Nf3 Kf5 52. Ne1 f6 53. Kf3 Ng4
54. e4+ Ke5 55. Nc2 Nh2+ 56. Ke3 Ng4+ 57. Kf3 Nh2+ 58. Kg2 Ng4 59. Kg3 f5 60.
exf5 gxf5 61. Nb4 f4+ 62. Kf3 Nh2+ 63. Kg2 Ng4 64. Nc6+ Kd5 65. Ne7+ Kd4 66.
Kf3 Ne3 67. Ng6 Nf5 68. Kxf4 Nxh4 69. Nxh4 Kxd3 70. Kg5 Ke3 71. Kxh5 1/2-1/2

[Event "Team Russia"]
[Site "Petergof"]
[Date "2015.08.08"]
[Round "8.47"]
[White "Antonian, Grant"]
[Black "Kuznetsov, Felix"]
[Result "1-0"]
[WhiteElo "1869"]
[BlackElo "2201"]
[PlyCount "121"]
[EventDate "2015.08.??"]
[EventType "team-swiss"]

1. e4 c5 2. Nf3 Nc6 3. d4 cxd4 4. Nxd4 Nf6 5. Nc3 d6 6. Bg5 e6 7. Qd2 a6 8.
O-O-O Bd7 9. f4 b5 10. Bxf6 gxf6 11. Kb1 Qb6 12. Nxc6 Bxc6 13. Qe1 Be7 14. f5
b4 15. Ne2 Bxe4 16. fxe6 fxe6 17. Ng3 f5 18. Nxe4 fxe4 19. Qxe4 d5 20. Qe5 Kd7
21. g3 Qd6 22. Qe2 Bf6 23. Bh3 Rhe8 24. Rhe1 Kc7 25. Qf3 Bh8 26. Bxe6 Rad8 27.
Qf2 d4 28. Bc4 Kb8 29. Qf7 Re5 30. Bd3 Re3 31. Qxh7 Qe5 32. Rf1 Bg7 33. Qg6 Rd6
34. Qf5 Qe7 35. Qf7 Qe5 36. Qg8+ Kc7 37. Qc4+ Kd8 38. Qxb4 Rf6 39. Rxf6 Bxf6
40. Qf8+ Kc7 41. a3 Be7 42. Qf4 Qxf4 43. gxf4 Rf3 44. f5 a5 45. Rh1 Bh4 46. Rg1
Rf2 47. Rg4 Bf6 48. Rg6 Bh4 49. Ra6 Rxh2 50. Rxa5 Rf2 51. Ka2 Bg5 52. b4 Rh2
53. Kb3 Rh6 54. b5 Kb6 55. Ra6+ Kc5 56. Rxh6 Bxh6 57. a4 Bg7 58. a5 Be5 59. a6
Kb6 60. Kc4 Bf6 61. Kd5 1-0

[Event "Team Russia"]
[Site "Petergof"]
[Date "2015.08.08"]
[Round "8.48"]
[White "Vorobyova, Ekaterina"]
[Black "Granovskaya, Ekaterina"]
[Result "1-0"]
[WhiteElo "1673"]
[BlackElo "1626"]
[PlyCount "78"]
[EventDate "2015.08.??"]
[EventType "team-swiss"]

1. e4 e5 2. d4 exd4 3. Qxd4 Nc6 4. Qe3 g6 5. Nc3 Bg7 6. Bd2 Nf6 7. O-O-O O-O 8.
Bc4 d6 9. f3 Re8 10. Nge2 Na5 11. Bb3 Be6 12. g4 Bc4 13. g5 Nd7 14. h4 d5 15.
Qf2 Nxb3+ 16. cxb3 Bxe2 17. Qxe2 d4 18. Nd5 c6 19. Nf4 Rc8 20. Rdg1 Nf8 21. h5
Qe7 22. Kb1 b6 23. hxg6 fxg6 24. Nd3 c5 25. Nf2 b5 26. Rc1 Qf7 27. Ng4 Qe6 28.
Rhe1 Re7 29. e5 Nd7 30. f4 Nb6 31. Nf6+ Bxf6 32. gxf6 Qf5+ 33. Qe4 Qxe4+ 34.
Rxe4 Re6 35. Ba5 Nd5 36. Rxd4 cxd4 37. Rxc8+ Kf7 38. Rh8 Nxf4 39. Rxh7+ Kf8 1-0

[Event "Team Russia"]
[Site "Petergof"]
[Date "2015.08.08"]
[Round "8.49"]
[White "Zaozerskih, Sergey"]
[Black "Bondarenko, Ivan"]
[Result "0-1"]
[WhiteElo "1902"]
[BlackElo "2062"]
[PlyCount "100"]
[EventDate "2015.08.??"]
[EventType "team-swiss"]

1. e4 c5 2. Nf3 e6 3. d4 cxd4 4. Nxd4 a6 5. a3 Nf6 6. Nc3 Qc7 7. g4 h6 8. Bg2
Nc6 9. Be3 Ne5 10. h3 Nc4 11. Qc1 Nxa3 12. O-O Nc4 13. g5 hxg5 14. Bxg5 Be7 15.
b3 Ne5 16. Nce2 d6 17. c4 Bd7 18. f4 Ng6 19. Rf2 Rc8 20. Qd2 Nh4 21. Bxh4 Rxh4
22. Qe3 e5 23. Nf3 Rh8 24. f5 d5 25. exd5 Bc5 26. Qxe5+ Qxe5 27. Nxe5 Kf8 28.
Nxd7+ Nxd7 29. Kf1 Bxf2 30. Kxf2 Rh6 31. Nd4 Nc5 32. Bf1 Rb6 33. Rb1 Rb4 34.
Re1 Re8 35. Rb1 Re4 36. Nc2 Rxb3 37. Rxb3 Nxb3 38. Bd3 Re8 39. Ne3 f6 40. h4
Ke7 41. Ng2 Kd6 42. Nf4 Nc5 43. Bb1 a5 44. Nh5 Re7 45. Nf4 a4 46. Ng6 Rc7 47.
h5 a3 48. Ba2 Na4 49. Nf8 Nc3 50. Bb3 a2 0-1

[Event "Team Russia"]
[Site "Petergof"]
[Date "2015.08.08"]
[Round "8.50"]
[White "Golikov, Daniil"]
[Black "Bregman, Ilya"]
[Result "1-0"]
[WhiteElo "1995"]
[BlackElo "1695"]
[PlyCount "175"]
[EventDate "2015.08.??"]
[EventType "team-swiss"]

1. d4 d5 2. c4 e6 3. Nc3 Nf6 4. cxd5 exd5 5. Bg5 Nbd7 6. e3 c6 7. Bd3 Be7 8.
Nge2 h6 9. Bh4 O-O 10. Qc2 Re8 11. O-O Ne4 12. Bxe7 Qxe7 13. Bxe4 dxe4 14. Ng3
Nf6 15. Rae1 h5 16. f3 exf3 17. Rxf3 Bg4 18. Rff1 Rad8 19. a3 c5 20. dxc5 Qxc5
21. Qf2 Re7 22. h3 Bd7 23. Nf5 Bxf5 24. Qxf5 Qxf5 25. Rxf5 Rd2 26. Rf2 Rxf2 27.
Kxf2 Ne4+ 28. Nxe4 Rxe4 29. Rc1 Re7 30. Kf3 f5 31. h4 Kf7 32. Rc8 g6 33. Rd8 b6
34. b4 b5 35. Rd6 Re6 36. Rd7+ Re7 37. Rd5 a6 38. Rd4 Re6 39. Ke2 Kf6 40. Rd8
Ke7 41. Rd4 Re4 42. Kf3 Re6 43. e4 fxe4+ 44. Rxe4 Rxe4 45. Kxe4 Ke6 46. Kd4 Kf5
47. Kc5 Kg4 48. Kb6 Kxh4 49. Kxa6 Kg3 50. Kxb5 Kxg2 51. a4 h4 52. a5 h3 53. a6
h2 54. a7 h1=Q 55. a8=Q+ Kg1 56. Qa1+ Kh2 57. Qh8+ Kg1 58. Qd4+ Kh2 59. Qh4+
Kg1 60. Qg3+ Kf1 61. Qd3+ Kf2 62. Qd2+ Kg1 63. Qg5+ Kf1 64. Qf6+ Ke2 65. Qe6+
Kf2 66. Qa2+ Ke3 67. Qb3+ Kf4 68. Qf7+ Kg5 69. Qe7+ Kf5 70. Qc5+ Kf6 71. Kb6
Qe4 72. b5 g5 73. Qf8+ Ke6 74. Qe8+ Kf5 75. Qf7+ Ke5 76. Kc7 Qc2+ 77. Kb8 g4
78. Qg7+ Kf4 79. b6 g3 80. b7 g2 81. Qa1 Qf2 82. Ka8 g1=Q 83. b8=Q+ Kf3 84.
Qb7+ Kg3 85. Qe5+ Kh3 86. Qh5+ Qh4 87. Qbf3+ Qgg3 88. Qh1+ 1-0

[Event "Team Russia"]
[Site "Petergof"]
[Date "2015.08.08"]
[Round "8.51"]
[White "Plaksin, Daniil"]
[Black "Shinkevich, Maksim"]
[Result "0-1"]
[WhiteElo "1627"]
[BlackElo "1987"]
[PlyCount "62"]
[EventDate "2015.08.??"]
[EventType "team-swiss"]

1. e4 c5 2. Nf3 Nc6 3. Bb5 d6 4. Bxc6+ bxc6 5. O-O Bg4 6. h3 Bh5 7. c3 Nf6 8.
Re1 e5 9. Qa4 Qd7 10. Nh4 Rc8 11. Na3 Be7 12. Nf5 O-O 13. d3 Rfe8 14. f4 Bf8
15. Nc4 Bg6 16. Ng3 exf4 17. Bxf4 Nh5 18. Nxh5 Bxh5 19. e5 dxe5 20. Nxe5 Qd5
21. g4 Bg6 22. Kf2 Bxd3 23. Rad1 c4 24. Nxd3 cxd3 25. Be3 c5 26. Qxa7 Ra8 27.
Qc7 Rxa2 28. Rd2 Bd6 29. c4 Qe6 30. Qb7 Qf6+ 31. Kg2 Qe5 0-1

[Event "Team Russia"]
[Site "Petergof"]
[Date "2015.08.08"]
[Round "8.52"]
[White "Pankova, Julia"]
[Black "Parsegyan, Kseniya"]
[Result "1-0"]
[WhiteElo "1681"]
[BlackElo "1549"]
[PlyCount "55"]
[EventDate "2015.08.??"]
[EventType "team-swiss"]

1. e4 c6 2. d4 d5 3. exd5 cxd5 4. Bd3 g6 5. c3 Nc6 6. Bf4 Nh6 7. h3 Bf5 8. Nf3
Bxd3 9. Qxd3 Bg7 10. O-O O-O 11. Nbd2 Nf5 12. Rfe1 Qd7 13. Ne5 Nxe5 14. Bxe5 f6
15. Bh2 Rae8 16. f4 b5 17. Nb3 Qc6 18. Nc5 Bh8 19. Re6 Qc8 20. Rae1 Rf7 21.
Qxb5 Nd6 22. Rxd6 e5 23. Rd7 exf4 24. Rxe8+ Qxe8 25. Bxf4 Bg7 26. Qb7 g5 27.
Rxf7 gxf4 28. Rxg7+ 1-0

[Event "Team Russia"]
[Site "Petergof"]
[Date "2015.08.08"]
[Round "8.53"]
[White "Shuster, Andrei"]
[Black "Sinyanskiy, Maxim"]
[Result "1/2-1/2"]
[WhiteElo "2075"]
[BlackElo "2102"]
[PlyCount "79"]
[EventDate "2015.08.??"]
[EventType "team-swiss"]

1. e4 c5 2. c3 d5 3. exd5 Qxd5 4. d4 Nf6 5. Nf3 Bg4 6. Nbd2 e6 7. Qa4+ Nc6 8.
Bc4 Qd6 9. Bb5 Be7 10. Ne5 O-O 11. Bxc6 bxc6 12. Ndc4 Qb8 13. Nxc6 Qc7 14.
Nxe7+ Qxe7 15. Be3 Qb7 16. O-O Be2 17. Rfe1 Bxc4 18. Qxc4 Qxb2 19. Rab1 Qc2 20.
dxc5 Nd5 21. Rbc1 Qf5 22. c6 Rfc8 23. Rb1 Nxe3 24. fxe3 Qd5 25. Qxd5 exd5 26.
Red1 Rxc6 27. Rxd5 Rxc3 28. Rd7 Rxe3 29. Rxa7 Rae8 30. h3 Rg3 31. Rbb7 f5 32.
Kf2 Rg5 33. a4 h6 34. a5 Rc8 35. Rc7 Rd8 36. Rd7 Rc8 37. Rdc7 Rd8 38. Rd7 Re8
39. Re7 Rc8 40. Rec7 1/2-1/2

[Event "Team Russia"]
[Site "Petergof"]
[Date "2015.08.08"]
[Round "8.54"]
[White "Stasenko, Alexey"]
[Black "Shugalei, Mikhail"]
[Result "1-0"]
[WhiteElo "2092"]
[BlackElo "1692"]
[PlyCount "53"]
[EventDate "2015.08.??"]
[EventType "team-swiss"]

1. e4 e5 2. Nf3 Nf6 3. Nxe5 d6 4. Nf3 Nxe4 5. Be2 Be7 6. O-O O-O 7. c4 Re8 8.
Nc3 Ng5 9. d4 Nxf3+ 10. Bxf3 Nc6 11. Nd5 Bf6 12. Nxf6+ Qxf6 13. Be3 Ne7 14. Qd2
Nf5 15. Rae1 Be6 16. b3 c6 17. d5 Bd7 18. Bg5 Qd4 19. Qc1 Rxe1 20. Rxe1 Re8 21.
Rxe8+ Bxe8 22. g4 Qd3 23. Qe1 Bd7 24. Be4 Nd4 25. Bxd3 Nf3+ 26. Kf1 Nxe1 27.
Kxe1 1-0

[Event "Team Russia"]
[Site "Petergof"]
[Date "2015.08.08"]
[Round "8.56"]
[White "Shapar, Tatiana"]
[Black "Zavgorodniaya, Alena"]
[Result "0-1"]
[WhiteElo "1832"]
[BlackElo "1988"]
[PlyCount "68"]
[EventDate "2015.08.??"]
[EventType "team-swiss"]

1. e4 e5 2. Nf3 Nc6 3. Bb5 a6 4. Ba4 Nf6 5. Qe2 Be7 6. c3 b5 7. Bb3 O-O 8. d4
d6 9. h3 Na5 10. Bc2 Nd7 11. Nbd2 c5 12. Nf1 cxd4 13. cxd4 exd4 14. Nxd4 Bf6
15. Nf5 Nc4 16. Bb3 Nc5 17. Bxc4 bxc4 18. N1e3 Nd3+ 19. Kf1 Re8 20. Ng3 Be6 21.
Kg1 Rb8 22. Rb1 Nxc1 23. Rxc1 Rxb2 24. Rc2 c3 25. Qxa6 Qa8 26. Qxa8 Rxa8 27.
Kh2 Raxa2 28. Rhc1 g6 29. Ne2 Bb3 30. Rxc3 Bxc3 31. Rxc3 Rxe2 32. Rxb3 Rxf2 33.
Rd3 Rfe2 34. Kg3 Kg7 0-1

[Event "Team Russia"]
[Site "Petergof"]
[Date "2015.08.09"]
[Round "9.1"]
[White "Zenzera, Alexey"]
[Black "Savenkov, Konstantin"]
[Result "1-0"]
[WhiteElo "2446"]
[BlackElo "2296"]
[PlyCount "93"]
[EventDate "2015.08.??"]
[EventType "team-swiss"]
[WhiteClock "0:25:09"]
[BlackClock "0:00:42"]

1. c4 Nf6 2. Nc3 g6 3. e4 d6 4. d4 Bg7 5. Nf3 O-O 6. Be2 e5 7. O-O Nc6 8. d5
Ne7 9. a4 Nh5 10. g3 f5 11. exf5 Nxf5 12. Ne4 Nf6 13. Bg5 h6 14. Bxf6 Bxf6 15.
c5 Bg7 16. Rc1 Kh8 17. Qd2 g5 18. h3 Ne7 19. cxd6 cxd6 20. h4 Bf5 21. Rc4 Rc8
22. Rfc1 Rxc4 23. Rxc4 g4 24. Ne1 Qd7 25. Nc3 h5 26. Ng2 Bg6 27. Nb5 a6 28. Nc7
Qf5 29. Bf1 Rc8 30. Ne3 Qf6 31. Ne6 Rxc4 32. Nxc4 Be4 33. Bg2 Bh6 34. Qd1 Bxg2
35. Kxg2 Nf5 36. Qe2 b5 37. axb5 axb5 38. Na3 Ne7 39. Qe4 b4 40. Nb5 Nf5 41. b3
Bd2 42. Kg1 Bc3 43. Ng5 Bd2 44. Nxd6 Bxg5 45. Nxf5 Bd2 46. d6 Be1 47. d7 1-0

[Event "Team Russia"]
[Site "Petergof"]
[Date "2015.08.09"]
[Round "9.2"]
[White "Yeletsky, Ivan"]
[Black "Timerkhanov, Alexander"]
[Result "0-1"]
[WhiteElo "2338"]
[BlackElo "2302"]
[PlyCount "118"]
[EventDate "2015.08.??"]
[EventType "team-swiss"]
[WhiteClock "0:03:03"]
[BlackClock "0:10:27"]

1. e4 c5 2. Nf3 d6 3. d4 cxd4 4. Nxd4 Nf6 5. Nc3 a6 6. Bg5 Nbd7 7. Qe2 e6 8. f4
Be7 9. O-O-O Qc7 10. g4 h6 11. Bh4 b5 12. a3 Bb7 13. Bg2 Nb6 14. f5 e5 15. Nb3
Rc8 16. Rd3 Nc4 17. Bg3 Nd7 18. h4 Ndb6 19. Nd2 Qc6 20. Nxc4 Qxc4 21. Bf2 Na4
22. Qd2 Nxc3 23. Rxc3 Qa2 24. Rxc8+ Bxc8 25. Qc3 O-O 26. Rh3 Bd7 27. Qc7 Rd8
28. Rb3 Kf8 29. Qb7 Ke8 30. Qxa6 b4 31. Kd2 Rc8 32. Rxb4 d5 33. Rb3 d4 34. Bf3
d3 35. Rc3 Bb4 36. Qxc8+ Bxc8 37. axb4 Bd7 38. Ra3 Qc4 39. Ra8+ Bc8 40. c3 Kd7
41. Bc5 Bb7 42. Ra3 Bxe4 43. Ra7+ Kc8 44. Bd1 Bb7 45. Ra5 Qf4+ 46. Be3 Qh2+ 47.
Kxd3 e4+ 48. Kc4 Qxb2 49. Rc5+ Kd8 50. Bf4 Qa1 51. Bc7+ Kd7 52. Bf4 Kd8 53.
Bc7+ Kd7 54. Be5 Qa2+ 55. Kd4 Qd2+ 56. Kc4 Qd3+ 57. Kb3 Qxd1+ 58. Kc4 Ba6+ 59.
b5 Qa4+ 0-1

[Event "Team Russia"]
[Site "Petergof"]
[Date "2015.08.09"]
[Round "9.3"]
[White "Chernyak, Viktoria"]
[Black "Smirnov, Timofey"]
[Result "0-1"]
[WhiteElo "2276"]
[BlackElo "2297"]
[PlyCount "132"]
[EventDate "2015.08.??"]
[EventType "team-swiss"]
[WhiteClock "0:07:01"]
[BlackClock "0:02:55"]

1. Nf3 Nf6 2. c4 e6 3. g3 b6 4. Bg2 Bb7 5. O-O Be7 6. Qc2 O-O 7. b3 c5 8. Bb2
Nc6 9. Rd1 d6 10. Nc3 a6 11. d3 Qc7 12. Rac1 Rac8 13. e4 Nd7 14. Qd2 Nde5 15.
Ne2 Rcd8 16. d4 Nxf3+ 17. Bxf3 e5 18. dxe5 dxe5 19. Qe3 Nd4 20. Bg2 Bg5 21. f4
Nxe2+ 22. Qxe2 exf4 23. Qh5 f6 24. h4 Bh6 25. Rxd8 Qxd8 26. Rd1 Qc7 27. gxf4
Bxf4 28. Qf5 Be3+ 29. Kf1 Rd8 30. Re1 Bc8 31. Qf3 Bd4 32. Bc1 Be5 33. h5 Qd6
34. Be3 Qd7 35. h6 g5 36. Qh5 Qf7 37. Qe2 Be6 38. Rd1 Rxd1+ 39. Qxd1 Qd7 40.
Qe2 Bg4 41. Qc2 Bd1 42. Qc1 Qd3+ 43. Kg1 Bd4 44. Bxd4 Qxd4+ 45. Kh1 Bh5 46. Qe1
Qd1 47. Qxd1 Bxd1 48. e5 f5 49. Bd5+ Kf8 50. Kg2 Bh5 51. a3 a5 52. Kf2 Bd1 53.
Be6 Bc2 54. Kf3 Be4+ 55. Ke3 Bb1 56. Kf3 Bc2 57. Kg3 Bd3 58. Kf3 f4 59. Kg4 Ke7
60. Bg8 Be2+ 61. Kh3 g4+ 62. Kg2 Bd3 63. Kf2 Be4 64. a4 g3+ 65. Kg1 f3 66. Bd5
f2+ 0-1

[Event "Team Russia"]
[Site "Petergof"]
[Date "2015.08.09"]
[Round "9.4"]
[White "Borisova, Ekaterina"]
[Black "Styazhkina, Anna"]
[Result "0-1"]
[WhiteElo "2004"]
[BlackElo "2262"]
[PlyCount "120"]
[EventDate "2015.08.??"]
[EventType "team-swiss"]
[WhiteClock "0:05:17"]
[BlackClock "0:20:44"]

1. e4 e5 2. Nf3 Nc6 3. Bb5 a6 4. Ba4 Nf6 5. O-O Bc5 6. c3 b5 7. Bb3 d6 8. d4
Bb6 9. Be3 O-O 10. Nbd2 Bb7 11. d5 Ne7 12. Bxb6 cxb6 13. Re1 Nd7 14. a4 bxa4
15. Bxa4 b5 16. Bc2 Nc8 17. Nb3 Ncb6 18. Nbd2 Nc8 19. Nb3 Ncb6 20. Na5 Qc7 21.
Nxb7 Qxb7 22. h4 Nc5 23. b4 Ncd7 24. Nd2 Rfc8 25. Re3 Nc4 26. Rg3 Nf6 27. Nb3
Qe7 28. Na5 Nxa5 29. Rxa5 Rc4 30. Re3 h6 31. g3 Qb7 32. Qa1 Nd7 33. Bd3 Rcc8
34. Re2 Nb6 35. Rea2 Na4 36. R2xa4 bxa4 37. Rxa4 Qc7 38. Ra3 Ra7 39. Bxa6 Rca8
40. b5 Qc5 41. Rb3 Rb8 42. Qa5 Rb6 43. Qa3 Qxa3 44. Rxa3 Rxb5 45. Bxb5 Rxa3 46.
c4 Rc3 47. Kf1 Kf8 48. Ke2 Rc2+ 49. Ke3 Ke7 50. Kf3 Kd8 51. Ke3 Kc7 52. g4 g5
53. hxg5 hxg5 54. Kf3 Kb6 55. Be8 f6 56. Bb5 Kc5 57. Ke3 Rc3+ 58. Ke2 Kd4 59.
f3 Rc2+ 60. Kf1 Ke3 0-1

[Event "Team Russia"]
[Site "Petergof"]
[Date "2015.08.09"]
[Round "9.5"]
[White "Oparin, Grigoriy"]
[Black "Minko, Vladimir"]
[Result "1-0"]
[WhiteElo "2564"]
[BlackElo "2268"]
[PlyCount "53"]
[EventDate "2015.08.??"]
[EventType "team-swiss"]
[WhiteClock "0:47:13"]
[BlackClock "0:14:52"]

1. e4 c5 2. Nf3 e6 3. d4 cxd4 4. Nxd4 Nc6 5. Nc3 Qc7 6. Be3 a6 7. Qf3 Nf6 8.
O-O-O d6 9. Be2 Bd7 10. g4 Nxd4 11. Rxd4 Bc6 12. g5 Nd7 13. h4 Be7 14. h5 Qa5
15. Rg1 g6 16. Kb1 Qc7 17. Rgd1 Nc5 18. Qh3 Rf8 19. f4 Rc8 20. R1d2 e5 21. fxe5
dxe5 22. Rc4 Ne6 23. Nd5 Qb8 24. Bg4 Bb5 25. Rxc8+ Qxc8 26. Qf3 Bd7 27. Nb6 1-0

[Event "Team Russia"]
[Site "Petergof"]
[Date "2015.08.09"]
[Round "9.6"]
[White "Maslov, Ivan"]
[Black "Zakhartsov, Vladimir"]
[Result "1/2-1/2"]
[WhiteElo "2264"]
[BlackElo "2453"]
[PlyCount "118"]
[EventDate "2015.08.??"]
[EventType "team-swiss"]
[WhiteClock "0:01:03"]
[BlackClock "0:51:04"]

1. d4 Nf6 2. c4 b6 3. Nc3 Bb7 4. Qc2 e6 5. e4 Bb4 6. Bd3 Bxc3+ 7. bxc3 c5 8. d5
d6 9. Nf3 O-O 10. O-O Re8 11. dxe6 Rxe6 12. Ng5 Re8 13. e5 dxe5 14. Bxh7+ Kf8
15. Bf5 Qc7 16. Qd3 Qc6 17. Qh3 Kg8 18. f3 Bc8 19. Bh7+ Kf8 20. Qh4 Nxh7 21.
Qxh7 Qg6 22. Qh8+ Ke7 23. Qh4 f6 24. Nh3 Bb7 25. Re1 Nd7 26. Nf4 Qf7 27. Qg4
Kd8 28. Nd5 Bxd5 29. cxd5 Qxd5 30. Qxg7 Kc7 31. Qh7 Rh8 32. Qe4 Qf7 33. Be3
Rag8 34. Bf2 Qh5 35. Bg3 Qg6 36. Qxg6 Rxg6 37. f4 exf4 38. Bxf4+ Kc8 39. Rad1
Rg7 40. Re6 Rh4 41. Rc6+ Kd8 42. Rxf6 Ke7 43. Rfd6 Ke8 44. Re1+ Kd8 45. Bh6 Kc7
46. Red1 Rh7 47. Bg5 Ra4 48. R6d2 Rc4 49. Rd3 Ne5 50. Rg3 Ra4 51. Rd2 Nc4 52.
Re2 Nd6 53. Rf3 Ne4 54. Bf4+ Kc6 55. g3 Rc4 56. Rfe3 Kd5 57. Rd3+ Kc6 58. Rde3
Kd5 59. Rd3+ Kc6 1/2-1/2

[Event "Team Russia"]
[Site "Petergof"]
[Date "2015.08.09"]
[Round "9.7"]
[White "Vavulin, Maksim"]
[Black "Voloshin, Pavel"]
[Result "1-0"]
[WhiteElo "2435"]
[BlackElo "2053"]
[PlyCount "51"]
[EventDate "2015.08.??"]
[EventType "team-swiss"]
[WhiteClock "0:52:16"]
[BlackClock "0:22:40"]

1. Nf3 e6 2. d4 c5 3. e4 d5 4. exd5 exd5 5. Bb5+ Nc6 6. O-O Bd6 7. c4 Nge7 8.
Nc3 a6 9. Ba4 Be6 10. Bg5 f6 11. Re1 Kf7 12. cxd5 Nxd5 13. Bb3 Nce7 14. dxc5
Bxc5 15. Rxe6 Kxe6 16. Bh4 Re8 17. Qd3 g6 18. Rd1 Kf7 19. Nxd5 Nxd5 20. Qxd5+
Qxd5 21. Rxd5 Be7 22. Rd7+ Kg7 23. Bg3 Rac8 24. h4 b6 25. Bc7 b5 26. Bd5 1-0

[Event "Team Russia"]
[Site "Petergof"]
[Date "2015.08.09"]
[Round "9.8"]
[White "Paramzina, Anastasya"]
[Black "Kisteneva, Liza"]
[Result "1-0"]
[WhiteElo "2303"]
[BlackElo "2069"]
[PlyCount "97"]
[EventDate "2015.08.??"]
[EventType "team-swiss"]
[WhiteClock "0:07:20"]
[BlackClock "0:00:41"]

1. e4 c5 2. Nf3 d6 3. d4 cxd4 4. Nxd4 Nf6 5. f3 a6 6. c4 e6 7. Nc3 Be7 8. Be3
O-O 9. Be2 Nc6 10. O-O Bd7 11. Rc1 Rc8 12. Qd2 Nxd4 13. Bxd4 Bc6 14. Rfd1 Nd7
15. Be3 Nf6 16. Kh1 Rb8 17. Qe1 Qe8 18. Bb6 Bd8 19. Bd4 b5 20. cxb5 axb5 21. b4
e5 22. Be3 Be7 23. Qf1 Rb7 24. Bg5 Qd7 25. a4 Ra7 26. axb5 Ba8 27. Be3 Ra3 28.
Bc5 Rd8 29. b6 Qb7 30. Nb5 dxc5 31. Nxa3 cxb4 32. Nc4 Rb8 33. Ra1 Bc5 34. Ra7
Qc8 35. Rc1 Qf8 36. Rc7 Ne8 37. Nxe5 Nxc7 38. bxc7 Rc8 39. Nd7 Qd6 40. Nxc5
Rxc7 41. Nb3 g6 42. Rd1 Qe7 43. Bc4 Bc6 44. Ra1 Qe5 45. h3 h5 46. Ra5 Qf6 47.
Qe1 Rd7 48. Ra6 Qd6 49. Bd5 1-0

[Event "Team Russia"]
[Site "Petergof"]
[Date "2015.08.09"]
[Round "9.9"]
[White "Drygalov, Andrey"]
[Black "Alekseenko, Kirill"]
[Result "0-1"]
[WhiteElo "2309"]
[BlackElo "2540"]
[PlyCount "106"]
[EventDate "2015.08.??"]
[EventType "team-swiss"]
[WhiteClock "0:11:10"]
[BlackClock "0:08:43"]

1. d4 Nf6 2. c4 e6 3. Nf3 b6 4. g3 Ba6 5. b3 b5 6. cxb5 Bxb5 7. Bg2 Bc6 8. O-O
a5 9. Ba3 Bb4 10. Bxb4 axb4 11. a4 bxa3 12. Rxa3 Ra6 13. Qd3 Be4 14. Qd2 Rxa3
15. Nxa3 Nc6 16. Rc1 Qb8 17. Qe3 Qa7 18. Nb5 Qb6 19. Qg5 O-O 20. Qc5 Qb7 21.
Nc3 Rb8 22. Nxe4 Nxe4 23. Qc2 f5 24. Rb1 Qb6 25. Qb2 Qb4 26. e3 Na5 27. Ne5 d6
28. Nd3 Qxb3 29. Qxb3 Rxb3 30. Rd1 Kf7 31. Bf1 Rc3 32. Ra1 Nb3 33. Ra7 Kf6 34.
h4 g6 35. Rb7 h6 36. Nf4 Nbd2 37. Be2 g5 38. Nh5+ Ke7 39. Rb8 Rc1+ 40. Kg2 Re1
41. Bd3 g4 42. Bxe4 Nxe4 43. Rb2 Rd1 44. Rb8 Re1 45. Rb2 Rd1 46. Nf4 Nd2 47.
Ne2 Nf3 48. Ra2 Re1 49. Rb2 c5 50. Rb7+ Kd8 51. Rb2 c4 52. Rc2 c3 53. Ra2 Kc7
0-1